Tramway de Montpellier #3 - Statistiques

Statistiques générales
  • Ce quiz a été pris 42 fois
  • Le résultat moyen est 19 sur 27
Statistiques - réponses
Réponse % Correct
Gare Saint Roch - République
88%
Lattes Centre
88%
Mosson
88%
Observatoire
88%
Pérols étang de l'Or
84%
Port Marianne
81%
Saint-Denis
81%
Juvignac
78%
Jules Guesde
75%
Les Arceaux
72%
Pablo Picasso
72%
Rives du Lez - Consuls de Mer
72%
Tonnelles
72%
Astruc
69%
Plan Cabanes
69%
Moularès (Hôtel de ville)
66%
Pérols Centre
66%
Voltaire
66%
Boirargues
63%
Hôtel du Département
63%
Pergola
63%
Celleneuve
56%
Parc Expo
56%
Cougourlude
53%
Pilory
53%
Place Carnot
53%
Eco Pôle
44%
Aucun quiz correspondant
Distribution des résultats
% des personnes avec chaque résultat
Percentile par nombre de réponses
Votre historique - résultats
Vous n’avez pas pris ce quiz